| 000 | 01848cam a2200517 a 4500 | ||
|---|---|---|---|
| 999 |
_c22849 _d22849 |
||
| 001 | vtls010593064 | ||
| 005 | 20200129130040.0 | ||
| 008 | 160429s2014 xr f f 000 0 slo | ||
| 020 | _a9788072525072 (brož.) | ||
| 035 | _a6C822D71-8A9B-4FA5-8D8B-7287FBF4907E | ||
| 035 | _aurn:nbn:sk:snk-amkcew | ||
| 035 | _aurn:nbn:sk:snk-am0089nx | ||
| 040 |
_aPPPK _bslo _cPPPK _dSNK _eAACR2 |
||
| 041 | 1 |
_aslo _heng |
|
| 044 |
_axr _cCZ |
||
| 072 | 7 |
_a37 _xVýchova a vzdelávanie _2konspekt |
|
| 072 | 7 |
_a159.9 _xPsychológia _2konspekt |
|
| 080 |
_a37.03-053.2 _22001 |
||
| 080 |
_a173.5/.7 _22001 |
||
| 080 |
_a159.923.5 _22001 |
||
| 080 |
_a159.923.2 _22001 |
||
| 080 |
_a(035) _22001 |
||
| 100 | 1 |
_aAldort, Naomi _91640 |
|
| 240 | 1 | 0 |
_aRaising our children _lSlovensky |
| 245 | 1 | 0 |
_aVychovávame deti a rastieme s nimi _b[od nedorozumení a pokarhaní k slobode, rozvoju a radosti : pre rodičov malých i veľkých detí] _cNaomi Aldortová ; [do slovenčiny preložil Martin Konečný] |
| 246 | 3 | 0 | _aOd nedorozumení a pokarhaní k slobode, rozvoju a radosti |
| 246 | 3 | 0 | _aPre rodičov malých i veľkých |
| 250 | _a1. vyd. | ||
| 260 |
_aPraha _bPráh _c2014 |
||
| 300 |
_a233 s. _c21 cm |
||
| 650 | 0 | 7 |
_avýchova dieťaťa _2SNKPH _91598 |
| 650 | 0 | 7 |
_arodičia a deti _2SNKPH _91600 |
| 650 | 0 | 7 |
_arozvoj osobnosti _2SNKPH _91641 |
| 650 | 0 | 7 |
_asebadôvera _2SNKPH _91642 |
| 650 | 0 | 7 |
_asebavedomie _2SNKPH _91643 |
| 650 | 0 | 7 |
_aChild rearing _2SNKPHeng _91606 |
| 650 | 0 | 7 |
_aParents and children _2SNKPHeng _91604 |
| 650 | 0 | 7 |
_aPersonality development _2SNKPHeng _91644 |
| 650 | 0 | 7 |
_aSelf-reliance _2SNKPHeng _91645 |
| 650 | 0 | 7 |
_aSelf-confidence _2SNKPHeng _91646 |
| 655 | 7 |
_apríručky _2SNKPH _91541 |
|
| 655 | 7 |
_aHandbooks, manuals, etc. _2SNKPheng _91630 |
|
| 700 | 1 |
_aKonečný, Martin _4trl _91647 |
|
| 958 | _aZS | ||
| 958 | _aOP | ||